00741nam a2200241Ia 450000500170000000800460001703700110006304000080007404000080008204000080009004100080009804100080010608400080011410000450012224501020016726000090026930000100027865000130028870000820030194200070038399900210039095200880041120260430150116.0008 250103s9999 xx 000 0 eng d aTheses aCRL beng ceng 2eng aeng qCRL aRamesh Kumar Au.; Lal Madan Gu.91236487 0aPerspective of social entrepreneurship development through social value creation: A case of india c2022 a329p. aCommerce aUniversity of Delhi. Faculty of Commerce and Business. Department of Commerce cTH c1848969d1848969 00104070aCRLbCRLd2026-04-30l0pTH0026461r2026-04-30 15:01:16w2026-04-30yTH